000 00680nam a2200253Ia 4500
003 OSt
005 20220918165936.0
006 a|||||r|||| 00| 0
007 ta
008 220917b |||||||| |||| 00| 0 eng d
020 _a8185107262 (hbk)
024 _a171,701
037 _cTextual
040 _aARTS
_cARTS
_beng
041 _2eng
_aeng
082 _aY15.2 N, N8
100 _aMayo Katherine
_926274
245 0 _aSelection from mother India edited by Marinalini Sinha
260 _aDelhi
_bKali for Women
_c1998
300 _av,298p.
_ccm.
650 _aSOCIOLOGY
942 _hY15.2 N, N8
_cTEXL
_2CC
999 _c131858
_d131858